Physical mesomechanics of a deformed solid as a multilevel system. II. Chessboard-like mesoeffect of the interface in heterogeneous media in external fields; Physical Mesomechanics; Vol. 10, iss. 1-2, Jan.-Apr.
| Parent link: | Physical Mesomechanics Vol. 10, iss. 1-2, Jan.-Apr..— 2007.— P. 5-14 |
|---|---|
| Hlavní autor: | |
| Další autoři: | , |
| Shrnutí: | Based on the earlier investigations and analysis of data in the literature we have experimentally revealed and theoretically justified the mesoscopic effect of a chessboard-like distribution of normal and tangential stresses at the interface of dissimilar media in external fields. The mesoeffect arises at the conjugation of very different media independently of their aggregate state (solid-liquid-gas) and governs the development of nonlinear wave mass transfer processes of different type. We draw a conclusion about the crucial role of the found effect in numerous natural phenomena, various areas of science and engineering В фонде НТБ ТПУ отсутствует |
| Jazyk: | angličtina |
| Vydáno: |
2007
|
| Témata: | |
| Médium: | Kapitola |
| KOHA link: | https://koha.lib.tpu.ru/cgi-bin/koha/opac-detail.pl?biblionumber=597640 |
MARC
| LEADER | 00000naa0a2200000 4500 | ||
|---|---|---|---|
| 001 | 597640 | ||
| 005 | 20250210090731.0 | ||
| 035 | |a (RuTPU)RU\TPU\tpu\20979 | ||
| 035 | |a RU\TPU\tpu\20978 | ||
| 090 | |a 597640 | ||
| 100 | |a 20120409d2007 k||y0rusy50 ba | ||
| 101 | 0 | |a eng | |
| 102 | |a RU | ||
| 200 | 1 | |a Physical mesomechanics of a deformed solid as a multilevel system. II. Chessboard-like mesoeffect of the interface in heterogeneous media in external fields |f V. E. Panin, A. V. Panin, D. D. Moiseenko | |
| 330 | |a Based on the earlier investigations and analysis of data in the literature we have experimentally revealed and theoretically justified the mesoscopic effect of a chessboard-like distribution of normal and tangential stresses at the interface of dissimilar media in external fields. The mesoeffect arises at the conjugation of very different media independently of their aggregate state (solid-liquid-gas) and governs the development of nonlinear wave mass transfer processes of different type. We draw a conclusion about the crucial role of the found effect in numerous natural phenomena, various areas of science and engineering | ||
| 333 | |a В фонде НТБ ТПУ отсутствует | ||
| 461 | |t Physical Mesomechanics | ||
| 463 | |t Vol. 10, iss. 1-2, Jan.-Apr. |v P. 5-14 |d 2007 | ||
| 610 | 1 | |a труды учёных ТПУ | |
| 700 | 1 | |a Panin |b V. E. |c Director of Russian materials science center |c Research advisor of Institute of strength physics and materials science of Siberian branch of Russian Academy of Sciences |f 1930- |g Viktor Evgenyevich |3 (RuTPU)RU\TPU\pers\26443 | |
| 701 | 1 | |a Panin |b A. V. | |
| 701 | 1 | |a Moiseenko |b D. D. | |
| 801 | 1 | |a RU |b 63413507 |c 20120409 | |
| 801 | 2 | |a RU |b 63413507 |c 20120424 |g RCR | |
| 942 | |c CR | ||